000 00311nam a2200121Ia 4500
008 220204s9999 xx 000 0 und d
082 _a02:003.62
_bPOL
100 _aHaskell, Peter C
245 0 _aSign systems for libraries
260 _aNew York
_bR R Bowker
_c1979
700 _aPollete, Dorothy
942 _cBK
999 _c35476
_d35476